MARC details
| 000 -CABECERA |
| campo de control de longitud fija |
01212nam a2200301 a 4500 |
| 001 - NÚMERO DE CONTROL |
| campo de control |
000040531 |
| 005 - FECHA Y HORA DE LA ÚLTIMA TRANSACCIÓN |
| campo de control |
20201002034208.0 |
| 008 - DATOS DE LONGITUD FIJA--INFORMACIÓN GENERAL |
| campo de control de longitud fija |
130830s1999 sp a 001 0 spa d |
| 020 ## - NÚMERO INTERNACIONAL ESTÁNDAR DEL LIBRO |
| Número Internacional Estándar del Libro |
9788420635361 |
| 040 ## - FUENTE DE LA CATALOGACIÓN |
| Centro catalogador/agencia de origen |
DO-SdBNP |
| Lengua de catalogación |
spa |
| Centro/agencia transcriptor |
BNPHU |
| 082 ## - NÚMERO DE LA CLASIFICACIÓN DECIMAL DEWEY |
| Número de clasificación |
109 |
| Número de documento/Ítem |
S689b |
| 100 1# - ENTRADA PRINCIPAL--NOMBRE DE PERSONA |
| Nombre de persona |
Solomon, Robert C. |
| Fechas asociadas al nombre |
1942-2007 |
| 9 (RLIN) |
66831 |
| 240 10 - TÍTULO UNIFORME |
| Título uniforme |
Título original: A passion for Wisdom: a very brief history of philosophy. |
| Lenguaje de la obra |
Español |
| 245 10 - MENCIÓN DE TÍTULO |
| Título |
Breve historia de la Filosofía / |
| Mención de responsabilidad, etc. |
Robert C. Solomon, Kathleen M. Higgins ; traductor Ángel Rivera. |
| 260 ## - PUBLICACIÓN, DISTRIBUCIÓN, ETC. |
| Lugar de publicación, distribución, etc. |
Madrid : |
| Nombre del editor, distribuidor, etc. |
Alianza, |
| Fecha de publicación, distribución, etc. |
1999. |
| 300 ## - DESCRIPCIÓN FÍSICA |
| Extensión |
209 p. : |
| Otras características físicas |
il., retrs. ; |
| Dimensiones |
18 cm. |
| 490 1# - MENCIÓN DE SERIE |
| Mención de serie |
El Libro de bolsillo (Alianza) |
| -- |
Humanidades |
| Designación de volumen o secuencia |
4410 |
| 490 1# - MENCIÓN DE SERIE |
| Mención de serie |
El Libro de bolsillo (Alianza) |
| -- |
Filosofía |
| 500 ## - NOTA GENERAL |
| Nota general |
Incluye índice analítico |
| 500 ## - NOTA GENERAL |
| Nota general |
La biblioteca posee la 2a. reimpresión del 2007 |
| 504 ## - NOTA DE BIBLIOGRAFÍA, ETC. |
| Nota de bibliografía, etc. |
Bibliografía : p. 196-200 |
| 650 #4 - PUNTO DE ACCESO ADICIONAL DE MATERIA--TÉRMINO DE MATERIA |
| Término de materia o nombre geográfico como elemento de entrada |
Filosofía |
| Subdivisión general |
Historia |
| 9 (RLIN) |
528 |
| 700 12 - PUNTO DE ACCESO ADICIONAL--NOMBRE DE PERSONA |
| Nombre de persona |
Higgins, Kathleen Marie. |
| 9 (RLIN) |
66832 |
| 700 12 - PUNTO DE ACCESO ADICIONAL--NOMBRE DE PERSONA |
| Nombre de persona |
Rivero, Ángel |
| Término indicativo de función/relación |
tr. |
| 9 (RLIN) |
66392 |
| 830 #0 - PUNTO DE ACCESO ADICIONAL DE SERIE-TÍTULO UNIFORME |
| Título uniforme |
El Libro de bolsillo (Alianza) |
| Nombre de parte o sección de la obra |
Filosofía |
| 9 (RLIN) |
66833 |
| 830 #0 - PUNTO DE ACCESO ADICIONAL DE SERIE-TÍTULO UNIFORME |
| Título uniforme |
El Libro de bolsillo (Alianza) |
| Nombre de parte o sección de la obra |
Humanidades |
| Número de parte o sección de la obra |
4410 |
| 9 (RLIN) |
66834 |
| 910 ## - DATOS DE OPCIÓN DEL USUARIO (OCLC) |
| Datos de opción del usuario |
Validado. Control de calidad MFF |